Statistics for Pick the Made Up Answer

Click here to take the quiz!

General Stats

  • This quiz has been taken 16 times
  • The average score is 102 of 135

Answer Stats

QuestionTileSelect% Correct
Fortune 100 CompanyAllstateNo
100%
Oscar Best Picture Winning MovieAll the King's MenNo
100%
CountryBruneiNo
100%
CountryCentral African RepublicNo
100%
CountryEast TimorNo
100%
CountryEquatorial GuineaNo
100%
CountryGuinea-BissauNo
100%
Oscar Best Picture Winning MovieIn the Heat of the NightNo
100%
Fortune 100 CompanyPBF EnergyNo
100%
Oscar Best Picture Winning MovieRebeccaNo
100%
CountryTajikistanNo
100%
Oscar Best Picture Winning MovieThe ApartmentNo
100%
US PresidentWilliam Henry HarrisonNo
100%
Fortune 100 CompanyAbbott LaboratoriesNo
94%
US PresidentAndrew JohnsonNo
94%
Fortune 100 CompanyCharter CommunicationsNo
94%
CountryeSwatiniNo
94%
US PresidentJohn TylerNo
94%
CountryManaguayYes
94%
Fortune 100 CompanyMerckNo
94%
CountrySaint Vincent and the GrenadinesNo
94%
Toyota ModelUrban CruiserNo
94%
US PresidentWilliam McKinleyNo
94%
RateYourMusic Top 500 Rated AlbumWipers - Youth of AmericaNo
94%
UNESCO World Heritage SightArchitectural Work of Le CorbusierNo
88%
US PresidentBenjamin HarrisonNo
88%
World CurrencyBolivianoNo
88%
ColourBurnt UmberNo
88%
US PresidentFranklin PierceNo
88%
Toyota ModelInnovaNo
88%
US PresidentJames K. PolkNo
88%
Capital CityKigaliNo
88%
Famous PaintingLas Meninas (1656)No
88%
World CurrencyLekNo
88%
Ikea ProductLovbackenNo
88%
Official Language of a CountryMalagasyNo
88%
World CurrencyMarkNo
88%
Fortune 100 CompanyMcKessonNo
88%
Toyota ModelMiraiNo
88%
Capital CityNouakchottNo
88%
Capital CityNukuʻalofaNo
88%
Capital CityPort LouisNo
88%
Official Language of a CountryQuechuaNo
88%
Ikea ProductRaskogNo
88%
InsectSpringtailNo
88%
InsectStiletto FlyNo
88%
RateYourMusic Top 500 Rated AlbumThe Dismemberment Plan - Emergency & INo
88%
Famous PaintingThe Persistence of Memory (1931)No
88%
RateYourMusic Top 500 Rated AlbumUnwound - RepetitionNo
88%
RateYourMusic Top 500 Rated AlbumAgalloch - Ashes Against the GrainNo
81%
Official Language of a CountryAmharicNo
81%
Famous PaintingArrangement in Grey and Black No. 1 (1871)No
81%
UNESCO World Heritage SightAustralian Convict SitesNo
81%
Toyota ModelAvanzaNo
81%
Official Language of a CountryAyamaraNo
81%
Ikea ProductBrimnesNo
81%
ColourBritish Racing GreenNo
81%
Oscar Best Picture Winning MovieCimarronNo
81%
UNESCO World Heritage SightCoro and its PortNo
81%
Time Magazine Person of the YearFaisalNo
81%
ColourField DrabNo
81%
Toyota ModelGranviaNo
81%
Time Magazine Person of the YearJohn SiricaNo
81%
InsectLeaf Roller MothNo
81%
Official Language of a CountryMauritian CreoleNo
81%
Capital CityMonroviaNo
81%
Official Language of a CountryNorthern NdebeleNo
81%
Ikea ProductSaludingNo
81%
ColourSelective YellowNo
81%
Toyota ModelSientaNo
81%
World CurrencySomNo
81%
Ikea ProductSymfoniskNo
81%
Oscar Best Picture Winning MovieThe Lost WeekendNo
81%
InsectBark-Gnawing BeetleNo
75%
Capital CityBasseterreNo
75%
RateYourMusic Top 500 Rated AlbumBoards of Canada - Music Has the Right to ChildrenNo
75%
ColourCafé NoirNo
75%
RateYourMusic Top 500 Rated AlbumCoil - The Ape of NaplesNo
75%
RateYourMusic Top 500 Rated AlbumComus - First UtteranceNo
75%
Fortune 100 CompanyDowNo
75%
World CurrencyDramNo
75%
Ikea ProductFinnalaNo
75%
Oscar Best Picture Winning MovieGoing My WayNo
75%
Time Magazine Person of the YearJohn XXIIINo
75%
Official Language of a CountryMarshalleseNo
75%
US PresidentMillard FillmoreNo
75%
Famous PaintingNude Descending a Staircase (1912)No
75%
UNESCO World Heritage SightOkavango DeltaNo
75%
Time Magazine Person of the YearOwen D. YoungNo
75%
Time Magazine Person of the YearPierre LavalNo
75%
Toyota ModelProAceNo
75%
ColourQuinacridone MagentaNo
75%
World CurrencyRinggitNo
75%
Capital CitySouth TarawaNo
75%
Fortune 100 CompanyStoneX GroupNo
75%
InsectSwallowtailNo
75%
Oscar Best Picture Winning MovieThe Great ZiegfeldNo
75%
Famous PaintingThe Harvesters (1565)No
75%
Time Magazine Person of the YearThe Middle AmericansNo
75%
InsectVinegar FlyNo
75%
Time Magazine Person of the YearAmerican WomenNo
69%
UNESCO World Heritage SightCold Winter Deserts of TuranNo
69%
US PresidentGeorge L. BourtonYes
69%
UNESCO World Heritage SightJodrell Bank ObservatoryNo
69%
Capital CityMajuroNo
69%
ColourPurple PizzazzNo
69%
UNESCO World Heritage SightStruve Geodetic ArcNo
69%
UNESCO World Heritage SightSukur Cultural LandscapeNo
69%
Famous PaintingThe Naked Maja (1797)No
69%
Famous PaintingThe Raft of the Medusa (1818)No
69%
Famous PaintingThe Sistine Madonna (1512)No
69%
Toyota ModelAquaNo
63%
Official Language of a CountryGilberteseNo
63%
World CurrencyGourdeNo
63%
RateYourMusic Top 500 Rated AlbumNoMeansNo - WrongNo
63%
InsectRhynchophthirinanNo
63%
InsectShield-backed KatydidNo
63%
Time Magazine Person of the YearThe ComputerNo
63%
World CurrencyTögrögNo
63%
Ikea ProductUppfylldNo
63%
Ikea ProductRanarpNo
56%
ColourRazzle Dazzle RoseNo
56%
Capital CitySaint OrleansYes
56%
World CurrencyJambYes
31%
Oscar Best Picture Winning MovieMrs. EastbrookYes
31%
Fortune 100 CompanyScilfoYes
31%
Official Language of a CountrySenarianYes
31%
ColourProfound VelvetYes
19%
Toyota ModelCerca XYes
13%
Famous PaintingChapel in the Mountains of Megéve (1791)Yes
13%
InsectLaphodian Water LiceYes
13%
Ikea ProductSnorkråkaYes
13%
RateYourMusic Top 500 Rated AlbumDegory - Disadvantages to the PsycheYes
6%
UNESCO World Heritage SightModernist Canopies of De HaanYes
6%
Time Magazine Person of the YearThe Iranian Freedom FightersYes
6%

Score Distribution

Percentile by Number Answered

Percent of People with Each Score

Your Score History

You have not taken this quiz